| 000 | 00744cai a22001815a 4500 | ||
|---|---|---|---|
| 001 | E147477 | ||
| 008 | 090514u xxk g 000 0 eng d | ||
| 035 | _a(Sirsi) u147477 | ||
| 041 | 0 | _aeng | |
| 110 | 2 | _aScottish Flood Forum | |
| 245 | 0 | 0 | _aScottish Flood Forum |
| 520 | _aWebsite for the Scottish Flood Forum, which was set up by the National Flood Forum and is supported by the Scottish Environment Protection Agency. Includes a blog, news and details of forthcoming events. | ||
| 590 | _aKA | ||
| 651 | 4 |
_aScotland _y1999- |
|
| 690 | _aENVIRONMENTAL AND LAND CONSULTANCY-WATER RESOURCE MANAGEMENT-FLOODING | ||
| 856 | 4 | 0 |
_uhttps://www.scottishfloodforum.org _zView the website free of charge at www.scottishfloodforum.org... |
| 942 | _n0 | ||
| 999 |
_c120788 _d120788 |
||